Matemáticas discretas
Uloženo v:
| Hlavní autoři: | , |
|---|---|
| Médium: | Kniha |
| Jazyk: | španělština |
| Vydáno: |
Ciudad de México
Prentice Hall Hispanoamericana
1990
|
| Témata: | |
| Tagy: |
Přidat tag
Žádné tagy, Buďte první, kdo vytvoří štítek k tomuto záznamu!
|
MARC
| LEADER | 00000nam a2200000 a 4500 | ||
|---|---|---|---|
| 001 | UCV5556 | ||
| 003 | CL-VaPUC | ||
| 008 | 910802e19900000MX |||||||||||||||||spa|d | ||
| 082 | 0 | 4 | |a 004.015 |b ROS |2 21 |
| 100 | 0 | |a Ross, Kenneth A |e author |9 299870 | |
| 700 | 0 | |a Wright, Charles |e author |9 299871 | |
| 245 | 1 | 0 | |a Matemáticas discretas |
| 300 | |a 673 | ||
| 942 | |c BK | ||
| 945 | |d 19910802 00:00:00 |a mfernand | ||
| 260 | |a Ciudad de México |b Prentice Hall Hispanoamericana |c 1990 | ||
| 650 | 0 | |a Ciencia de la computación |9 260608 | |
| 650 | 0 | |a Matemática |9 260235 | |
| 583 | |a last modification |c 20190713 21:45:36 |k Rodrigo Vera | ||
| 999 | |c 212038 |d 212036 | ||